| 000 | 01077nam a2200289 i 4500 | ||
|---|---|---|---|
| 001 | 171755 | ||
| 003 | ES-MaACL | ||
| 005 | 20250831063042.0 | ||
| 007 | t| | ||
| 008 | 090527s1998 fr ||||1| fre d | ||
| 020 | _a2-251-79938-9 | ||
| 080 | _a239(02)"01" | ||
| 100 | 1 |
_aTertuliano, Quinto Septimio Florente, _dca. 160-220 _9109810 |
|
| 245 | 1 | 0 |
_aApologétique / _cTertullien ; texte établi et traduit par Jean-Pierre Waltzing ; introduction et notes par Pierre-Emmanuel Dauzat. |
| 260 |
_aParis : _bLes Belles Lettres, _c1998. |
||
| 300 |
_aXXXII, 234 p. ; _c18 cm. |
||
| 490 | 1 |
_aClassiques en poche ; _v34 |
|
| 500 | _aEn cub.: "Bilingue" | ||
| 504 | _aBibliografía. | ||
| 546 | _aTexto en latín y traducción en francés. | ||
| 650 | 0 | 4 |
_aApologética- _vObras anteriores a 1800. _99922 |
| 700 | 1 |
_aWaltzing, Jean-Pierre. _9116030 |
|
| 700 | 1 |
_aDauzat, Pierre-Emmanuel. _942849 |
|
| 830 | 0 |
_aClassiques en poche ; _v34 _9189037 |
|
| 852 | 4 |
_aES-MaACL _jE-12686 _9R.140261 _z. - Biblioteca Jacinto Martínez Lacalle |
|
| 999 |
_c171755 _d171755 |
||